[Event "Titled Tuesday intern op 5th June"]
[Site "Chess.com INT"]
[Date "2018.06.05"]
[Round "7"]
[White "King, Alexander B"]
[Black "Walker, Karen"]
[Result "1-0"]
[WhiteElo "2236"]
[BlackElo "2320"]
[PlyCount "41"]
[EventDate "2018.06.05"]
[EventType "swiss (blitz)"]
[EventRounds "10"]
[EventCountry "USA"]
[SourceTitle "EXT 2021"]
[Source "ChessBase"]
[SourceDate "2020.10.23"]
[SourceVersion "1"]
[SourceVersionDate "2020.10.23"]
[SourceQuality "1"]

1. d4 d5 2. c4 c6 3. Nf3 Nf6 4. e3 e6 5. b3 Nbd7 6. Bb2 Bd6 7. Bd3 0-0 8. 0-0 Qe7 9. Ne5 a5 10. f4 Ne4 11. a4 f6 12. Nxd7 Bxd7 13. Ba3 Bxa3 14. Nxa3 Be8 15. Bxe4 dxe4 16. c5 e5 17. fxe5 fxe5 18. Rxf8+ Qxf8 19. Nc4 exd4 20. Qxd4 Rd8 21. Qxd8 1-0